000 00311nam a22001217a 4500
008 230703b xxu||||| |||| 00| 0 eng d
082 _a342.16
_bI618 2001
245 _aConstitutional & Parliamentary Information
260 _bInterparliamentary Union
_c2001
300 _a283p
440 _n182
942 _2ddc
_cBK
999 _c3205
_d3205